[Event "Yangon schev"]
[Site "Yangon"]
[Date "1999.02.13"]
[Round "14"]
[White "Zaw, Win Lay"]
[Black "Moun, Moun Latt"]
[Result "1-0"]
[WhiteElo "2565"]
[BlackElo "2554"]
[PlyCount "61"]
[EventDate "1999.01.??"]
[EventType "schev"]
[EventRounds "14"]
[EventCountry "BUR"]
[SourceTitle "EXT 2000"]
[Source "ChessBase"]
[SourceDate "1999.11.16"]
[SourceVersion "1"]
[SourceVersionDate "1999.11.16"]
[SourceQuality "1"]

1. e4 e5 2. Nf3 Nf6 3. Nxe5 d6 4. Nf3 Nxe4 5. d4 d5 6. Bd3 Bd6 7. 0-0 0-0 8. c4 c6 9. cxd5 cxd5 10. Nc3 Nxc3 11. bxc3 Bg4 12. h3 Bh5 13. Rb1 Nd7 14. Rb5 Nb6 15. c4 Bxf3 16. Qxf3 dxc4 17. Bc2 Qd7 18. a4 Bc7 19. Rc5 Bd6 20. a5 Bxc5 21. dxc5 Nc8 22. a6 Ne7 23. axb7 Rab8 24. Be4 f5 25. c6 fxe4 26. Qxf8+ Kxf8 27. cxd7 Nc6 28. Rd1 c3 29. Bg5 c2 30. Rc1 Rxb7 31. Rxc2 1-0

[Event "Yangon schev"]
[Site "Yangon"]
[Date "1999.02.07"]
[Round "8"]
[White "Bu, Xiangzhi"]
[Black "Moun, Moun Latt"]
[Result "1-0"]
[WhiteElo "2365"]
[BlackElo "2554"]
[PlyCount "55"]
[EventDate "1999.01.??"]
[EventType "schev"]
[EventRounds "14"]
[EventCountry "BUR"]
[SourceTitle "EXT 2000"]
[Source "ChessBase"]
[SourceDate "1999.11.16"]
[SourceVersion "1"]
[SourceVersionDate "1999.11.16"]
[SourceQuality "1"]

1. d4 Nf6 2. c4 g6 3. Nc3 Bg7 4. e4 d6 5. Nf3 0-0 6. Be2 e5 7. 0-0 Nc6 8. dxe5 Nxe5 9. Nxe5 dxe5 10. Qxd8 Rxd8 11. Bg5 c6 12. f4 Re8 13. f5 Nd7 14. Rad1 f6 15. Be3 Bf8 16. fxg6 hxg6 17. Bg4 Nb6 18. Bxc8 Nxc4 19. Bxb7 Nxe3 20. Bxa8 Rxa8 21. Rxf6 Nxd1 22. Nxd1 Rd8 23. Nc3 Kg7 24. Rxc6 Rd2 25. b3 Bb4 26. Nd5 Ba3 27. Rc7+ Kh6 28. h4 1-0